Direcção Cairo (Registo nº 201243)

Detalhes MARC
000 -Etiqueta do registo
Valores 00557nam 22001933 4500
100 ## - Dados gerais de processamento
Dados gerais 20260312d u||y0pory50 ba
200 ## - Titulo e menção de responsabilidade
Título próprio Direcção Cairo
Primeira menção de responsabilidade Hugo Pratt
Outras menções de responsabilidade tradução de Carlos Pessoa
210 ## - Publicação
Local de publicação Lisboa
Nome do editor Edições 70
Data de publicação imp. 1984
215 ## - Descrição física 
Paginação / Volumes 70 p.
Outras indicações físicas il. ; brochado
Dimensões 29 cm
225 ## - Colecção 
Título próprio da colecção Os Escorpiões do Deserto
Número de parte ou secção 2
606 ## - Nome comum usado como assunto
ID Autoridade 1586
Palavra de ordem Desenho Artístico
610 ## - Termos não controlados
Palavra de ordem Banda Desenhada
675 ## - CDU
Notação 74
Edição PT
Língua por
700 ## - Autor principal (pessoa individual)
ID Autoridade 16585
Apelido Pratt
Nome Hugo
Datas 1927-1995
801 ## - Fonte de origem
País PT
Agência BMMN
Regras de catalogação RPC
830 ## - Notas gerais do catalogador
Criado por Isabel
990 ## - Elementos KOHA
Tipo de documento Livro
Exemplares
Situação do levantamento Biblioteca de origem Código de barras Cota Permissão de empréstimo Tipo de documento Forma de aquisição
  Biblioteca Municipal de Montemor-o-Novo 30536 74 PRA|AJ   Livro Oferta

Powered by Koha